000 00315 a2200145 4500
001 61065
020 _a9788516062552
040 _cAnchieta - Pituba
240 1 0 _aLog in to english 3
_leng
245 1 0 _aLog in to english 3
300 _a136
362 0 _a2009
650 4 _aInglês e inglês antigo
942 _cBK
999 _c61065
_d61065